Adaptačný program novoprijatých zamestnancov : Bakalárska práca

Guardado en:
Detalles Bibliográficos
Autor principal: Ivanovičová, Andrea (Autor)
Otros Autores: Holková, Andrea (xxx)
Formato: Manuscrito Libro
Lenguaje:eslovaco
Publicado: Trnava : STU v Bratislave MtF KPIM, 2005
Materias:
Etiquetas: Agregar Etiqueta
Sin Etiquetas, Sea el primero en etiquetar este registro!

MARC

LEADER 00000ntm a22000003a 4500
001 stu96077
005 20160719155258.5
008 051013s2005----xo------------------slo-d
040 |a STU  |b slo 
041 0 |a slo 
044 |a xo 
100 1 |a Ivanovičová, Andrea  |4 aut 
245 1 |a Adaptačný program novoprijatých zamestnancov :  |b Bakalárska práca 
260 |a Trnava :  |b STU v Bratislave MtF KPIM,  |c 2005 
300 |a 49 s  |c príl., 1 CD 
650 7 |a priemyselné inžinierstvo a manažment  |2 stusub 
650 7 |a personalistika  |2 stusub 
700 1 |a Holková, Andrea  |4 xxx  |u M4000  |U MTF Materiálovotechnologická fakulta  |T MTF Ústav priemyselného inžinierstva a manažmentu  |U M4000  |Y 84 
996 |b 284M063024  |c M*BP-1346  |l MMSKP  |s P  |a 0  |w stu96077_0001